<?xml version="1.0" encoding="UTF-8"?>
<record
    xmlns:xsi="http://www.w3.org/2001/XMLSchema-instance"
    xsi:schemaLocation="http://www.loc.gov/MARC21/slim http://www.loc.gov/standards/marcxml/schema/MARC21slim.xsd"
    xmlns="http://www.loc.gov/MARC21/slim">

  <leader>00382    a2200121   4500</leader>
  <controlfield tag="001">ART_7920</controlfield>
  <controlfield tag="005">20260410161556.0</controlfield>
  <controlfield tag="008">260409a                                 </controlfield>
  <datafield tag="245" ind1="1" ind2="0">
    <subfield code="a">Proyecci&#xF3;n de una inversi&#xF3;n o ampliaci&#xF3;n de planta</subfield>
  </datafield>
  <datafield tag="100" ind1="1" ind2=" ">
    <subfield code="a">Gim&#xE9;nez, Carlos Manuel</subfield>
  </datafield>
  <datafield tag="700" ind1="1" ind2=" ">
    <subfield code="a">Alonso, Juan Carlos</subfield>
  </datafield>
  <datafield tag="773" ind1="0" ind2=" ">
    <subfield code="t">Profesional &amp; Empresaria</subfield>
    <subfield code="g">- A&#xF1;o XI, N&#xBA; 118 (jul. 2009)</subfield>
    <subfield code="w">REV70</subfield>
  </datafield>
  <datafield tag="999" ind1=" " ind2=" ">
    <subfield code="c">9235</subfield>
    <subfield code="d">9235</subfield>
  </datafield>
</record>
